000 00324nam a2200109Ia 4500
008 171211s9999 xx 000 0 und d
245 _aPragmatic Guide to Sass
245 _cHampton Catlin and Michael Lintorn Catlin
260 _c2011
650 _xWeb Development
856 _uhttp://down.ebook777.com/016/9781934356845.pdf
999 _c350048
_d350048